[Event "SVK-ch U18/20"]
[Site "Liptovsky Mikulas"]
[Date "2016.04.18"]
[Round "4"]
[White "Jakubik, Matej"]
[Black "Skornik, Matej"]
[Result "1-0"]
[WhiteElo "1829"]
[BlackElo "1000"]
[PlyCount "41"]
[EventDate "2016.04.16"]
[EventType "swiss"]
[EventRounds "9"]
[EventCountry "SVK"]
[SourceTitle "CBM 172 Extra"]
[Source "ChessBase"]
[SourceDate "2016.06.21"]
[SourceVersion "1"]
[SourceVersionDate "2016.06.21"]
[SourceQuality "1"]

1. d4 f5 2. e4 g6 3. exf5 Nf6 4. fxg6 hxg6 5. Bd3 Rg8 6. Nf3 d6 7. 0-0 Bg4 8. c3 Qd7 9. Nbd2 Nc6 10. Qb3 Be6 11. c4 d5 12. c5 0-0-0 13. Bb5 a6 14. Ne5 Qe8 15. Nxc6 axb5 16. Nxd8 Kxd8 17. a4 bxa4 18. Rxa4 Bc8 19. Nf3 c6 20. Qb6+ Kd7 21. Re1 1-0